[Event "Wch Seniors 50 (Women) 26th"]
[Site "Marianske Lazne"]
[Date "2016.11.24"]
[Round "6"]
[White "Korinkova, Eva"]
[Black "Ovlekulieva, Guldjahan"]
[Result "0-1"]
[WhiteElo "1792"]
[BlackElo "1884"]
[PlyCount "118"]
[EventDate "2016.11.19"]
[EventType "swiss"]
[EventRounds "11"]
[EventCountry "CZE"]
[SourceTitle "CBM 175 Extra"]
[Source "ChessBase"]
[SourceDate "2016.12.12"]
[SourceVersion "1"]
[SourceVersionDate "2016.12.12"]
[SourceQuality "1"]

1. e4 c5 2. Nc3 d6 3. f4 e6 4. Nf3 Nc6 5. Bb5 Bd7 6. Bxc6 Bxc6 7. 0-0 Nf6 8. d3 g6 9. Qe1 Bg7 10. f5 0-0 11. fxe6 fxe6 12. Qh4 Qd7 13. Bg5 Nh5 14. g4 Nf4 15. Bxf4 Rxf4 16. Ne2 Rff8 17. Rab1 b5 18. g5 e5 19. h3 Rf7 20. Nh2 Raf8 21. Ng4 Rxf1+ 22. Rxf1 Rxf1+ 23. Kxf1 Qf7+ 24. Qf2 Qxa2 25. Ke1 Qe6 26. b4 Qf7 27. bxc5 Qxf2+ 28. Kxf2 dxc5 29. Ke3 Kf7 30. Nc1 Bd7 31. Nb3 Bxg4 32. hxg4 Bf8 33. Na5 Ke6 34. Nc6 a6 35. Nd8+ Ke7 36. Nb7 Kd7 37. Kd2 Be7 38. Kc3 Kc7 39. Na5 Bxg5 40. Nb3 Be7 41. Nd2 a5 42. Nf3 Kd6 43. Kb3 a4+ 44. Ka3 c4 45. dxc4 Kc6+ 46. Ka2 b4 47. Nxe5+ Kc5 48. Kb1 Bd6 49. Nd3+ Kxc4 50. e5 Be7 51. Nb2+ Kb5 52. Nd3 h5 53. gxh5 gxh5 54. Nf4 h4 55. e6 Kc6 56. Ka2 Kd6 57. Kb1 Ke5 58. Ng6+ Kxe6 59. Nf4+ Kf5 0-1